Il cacciatore /

Đã lưu trong:
Chi tiết về thư mục
Tác giả chính: Myers, Stanley (Nhà soạn nhạc)
Tác giả khác: Cimino, Michael (Giám đốc, Nhà sản xuất), Peverall, John (Nhà sản xuất), Grifasi, Joe (Người thi hành), Zsigmond, Vilmos (Nhiếp ảnh gia), Dzundza, George (Người thi hành), Alda, Rutanya (Người thi hành), Deeley, Michael (Nhà sản xuất), De Niro, Robert, (1943- ) (Người thi hành), Washburn, Deric (Người viết kịch bản), Cazale, John (Người thi hành), Walken, Christopher (Người thi hành), Streep, Meryl (Người thi hành), Spikings, Barry (Nhà sản xuất), Savage, John, (1949- ) (Người thi hành)
Định dạng: Slide
Ngôn ngữ:Tiếng Italy
Được phát hành: Italia : Universal Pictures, 2001
Các nhãn: Thêm thẻ
Không có thẻ, Là người đầu tiên thẻ bản ghi này!

MARC

LEADER 00000ngm a22000007ib4500
001 IT\ICCU\DDS\1055338
003 ItRI
005 20260217160146.0
008 151215s2001 it |||||||||||||||k|||||c
028 4 2 |a 0783862  |b Universal/StudioCanal 
040 |b ita  |c Arcigay Genova  
041 7 |a ita  |2 ISO-639-2 
100 1 |a Cimino, Michael  |0 IT\ICCU\RAVV\088678  |4 drt 
245 1 3 |a Il cacciatore /  |c directed by Michael Cimino ; screenplay by Deric Washburn ; director of photography Vilmos Zsigmond ; music composed by Stanley Myers ; produced by Barry Spikings, Michael Deeley, Michael Cimino and John Peverall ; cast: Robert De Niro, John Cazale, John Savage ... [et al.]. 
246 1 3 |a The deer hunter 
260 |a Italia :  |b Universal Pictures,  |c 2001 
300 |a 1 DVD (175 min. ca.) :  |b Azione dal vivo, Colore, Suono sul supporto, Mono, Digitale, 625 PAL 
500 |a Produzione: Stati Uniti, 1978. Film vincitore di 5 Oscar. Vietato ai minori di 14 anni. Pubblicato in edizione di 3 DVD Universal Pictures 8254355 (c2007) dal titolo: Robert De Niro collection. -c1978 Canal + Image UK. -durata: 175 min. ca. 
700 1 |a Peverall, John  |0 IT\ICCU\DDSV\199957  |4 pro 
700 1 |a Grifasi, Joe  |0 IT\ICCU\DDSV\199958  |4 prf 
700 1 |a Zsigmond, Vilmos  |0 IT\ICCU\LO1V\258729  |4 pht 
700 1 |a Dzundza, George  |0 IT\ICCU\MILV\234013  |4 prf 
700 1 |a Alda, Rutanya  |0 IT\ICCU\MODV\333534  |4 prf 
700 1 |a Deeley, Michael  |0 IT\ICCU\MODV\343961  |4 pro 
700 1 |a De Niro, Robert,  |d  (1943- )  |0 IT\ICCU\RAVV\088394  |4 prf 
700 1 |a Cimino, Michael  |0 IT\ICCU\RAVV\088678  |4 pro 
700 1 |a Washburn, Deric  |0 IT\ICCU\RAVV\088680  |4 sce 
700 1 |a Cazale, John  |0 IT\ICCU\RAVV\088682  |4 prf 
700 1 |a Walken, Christopher  |0 IT\ICCU\RAVV\088900  |4 prf 
700 1 |a Streep, Meryl  |0 IT\ICCU\RAVV\089701  |4 prf 
700 1 |a Myers, Stanley  |0 IT\ICCU\RAVV\103012  |4 cmp 
700 1 |a Spikings, Barry  |0 IT\ICCU\RAVV\281744  |4 pro 
700 1 |a Savage, John,  |d  (1949- )  |0 IT\ICCU\UBOV\025731  |4 prf 
710 2 |a Universal Pictures  |0 IT\ICCU\DDSV\077854  |4 pbl 
773 0 |w IT\ICCU\DDS\1584904  |t Robert De Niro collection 
942 |2 ddc  |c VM  |n 0 
952 |0 0  |1 0  |2 ddc  |4 0  |6 DVD_6_000000000000000  |7 0  |9 33040  |a GE  |b GE  |d 2026-02-17  |l 0  |o DVD 6  |p 11680  |r 2026-02-17 16:02:03  |w 2026-02-17  |y VM 
981 1 |6 z01  |a b   |b xa2e  
982 1 |6 z01  |a g 
999 |c 28704  |d 28704